[Event "POL-chT 1st League"]
[Site "Sypniewo"]
[Date "2022.09.10"]
[Round "8.11"]
[White "Szajda, Marcin"]
[Black "Bugajski, Robert"]
[Result "0-1"]
[WhiteElo "1925"]
[BlackElo "1992"]
[PlyCount "108"]
[EventDate "2022.09.03"]
[EventType "team-swiss"]
[EventRounds "9"]
[EventCountry "POL"]
[SourceTitle "CBM 210 Extra"]
[Source "ChessBase"]
[SourceDate "2022.11.30"]
[SourceVersion "1"]
[SourceVersionDate "2022.11.30"]
[SourceQuality "1"]
[WhiteTeam "Chroscice Victoria"]
[BlackTeam "Zielonka Zieloni"]
[WhiteTeamCountry "POL"]
[BlackTeamCountry "POL"]

1. e4 c5 2. Nf3 d6 3. d4 cxd4 4. Nxd4 Nf6 5. Nc3 a6 6. Be3 e5 7. Nb3 Be6 8. f3 Be7 9. g4 d5 10. g5 d4 11. gxf6 Bxf6 12. Ne2 dxe3 13. Qxd8+ Bxd8 14. h4 Nc6 15. c3 Bb6 16. Bh3 Bxb3 17. axb3 Rd8 18. Rd1 Ke7 19. Rd5 Rxd5 20. exd5 Na5 21. b4 Nc4 22. b3 Nd2 23. f4 exf4 24. Nxf4 Ne4 25. c4 Bc7 26. Nd3 Nf2 27. Nxf2 Bg3 28. Ke2 exf2 29. Bg2 f5 30. c5 Kd7 31. Kf3 f4 32. Bh3+ Kc7 33. d6+ Kc6 34. Bf5 Kb5 35. Be4 Kxb4 36. Bxb7 Kxc5 37. d7 Rd8 38. Bxa6 Rxd7 39. h5 Re7 40. h6 g6 41. Bc4 Kb4 42. Rf1 Kc3 43. Bg8 Kb4 44. Bc4 Re3+ 45. Kg4 Re5 46. Bg8 Kc3 47. Kf3 Re3+ 48. Kg4 Re1 49. Bc4 Kd2 50. b4 Rxf1 51. Bxf1 Ke1 52. b5 Kxf1 53. b6 Kg2 54. b7 f3 0-1

[Event "POL-chT 2nd League"]
[Site "Sypniewo"]
[Date "2021.09.06"]
[Round "3.10"]
[White "Szajda, Marcin"]
[Black "Bartlomowicz, Jakub"]
[Result "1/2-1/2"]
[WhiteElo "1936"]
[BlackElo "1762"]
[PlyCount "42"]
[EventDate "2021.09.04"]
[EventType "team-swiss"]
[EventRounds "9"]
[EventCountry "POL"]
[SourceTitle "CBM 204 Extra"]
[Source "ChessBase"]
[SourceDate "2021.11.30"]
[SourceVersion "1"]
[SourceVersionDate "2021.11.30"]
[SourceQuality "1"]
[WhiteTeam "Chroscice Victoria"]
[BlackTeam "Radkow Giecek"]
[WhiteTeamCountry "POL"]
[BlackTeamCountry "POL"]

1. e4 c5 2. Nf3 Nc6 3. d4 cxd4 4. Nxd4 Nf6 5. Nc3 e5 6. Ndb5 d6 7. Nd5 Nxd5 8. exd5 Ne7 9. c3 Ng6 10. Be2 a6 11. Na3 Be7 12. 0-0 0-0 13. Nc2 f5 14. Kh1 f4 15. Bg4 Nh4 16. g3 Ng6 17. gxf4 Nxf4 18. Ne3 Nh3 19. Kg2 Nf4+ 20. Kh1 Nh3 21. Kg2 Nf4+ 1/2-1/2

[Event "POL-chT 2nd League"]
[Site "Poronin"]
[Date "2020.09.13"]
[Round "9.18"]
[White "Szajda, Marcin"]
[Black "Rainer, Piotr"]
[Result "1-0"]
[WhiteElo "1942"]
[BlackElo "1641"]
[PlyCount "89"]
[EventDate "2020.09.05"]
[EventType "team-swiss"]
[EventRounds "9"]
[EventCountry "POL"]
[SourceTitle "CBM 198 Extra"]
[Source "ChessBase"]
[SourceDate "2020.11.30"]
[SourceVersion "1"]
[SourceVersionDate "2020.11.30"]
[SourceQuality "1"]
[WhiteTeam "Chroscice Victoria"]
[BlackTeam "Staniatki Goniec"]
[WhiteTeamCountry "POL"]
[BlackTeamCountry "POL"]

1. e4 c5 2. Nf3 Nc6 3. d4 cxd4 4. Nxd4 e5 5. Nb5 d6 6. c4 Be7 7. N1c3 a6 8. Na3 Nf6 9. Nc2 0-0 10. Be2 Ne8 11. 0-0 Bg5 12. b3 Bxc1 13. Qxc1 Qh4 14. f4 f5 15. g3 Qh6 16. Qe3 fxe4 17. fxe5 Qxe3+ 18. Nxe3 Rxf1+ 19. Rxf1 Bh3 20. Rd1 dxe5 21. Nxe4 Nd4 22. Bg4 Nc2 23. Bxh3 Nxe3 24. Be6+ Kh8 25. Rd3 Nc2 26. Rd7 b5 27. c5 Nd4 28. Bd5 Rc8 29. Bb7 Rb8 30. c6 Ne6 31. Nd6 Nc5 32. Nxe8 Rxe8 33. Rd5 Ne6 34. Rxe5 Kg8 35. Rxe6 Rxe6 36. c7 Re1+ 37. Kf2 Rc1 38. c8Q+ Rxc8 39. Bxc8 a5 40. Ke3 Kf7 41. Kd4 a4 42. b4 Ke7 43. Ba6 Kd6 44. Bxb5 Kc7 45. Bxa4 1-0

[Event "POL-chT 2nd League"]
[Site "Jastrzebia Gora"]
[Date "2019.09.13"]
[Round "7.16"]
[White "Szatan, Rafal"]
[Black "Szajda, Marcin"]
[Result "1/2-1/2"]
[WhiteElo "1930"]
[BlackElo "1904"]
[PlyCount "66"]
[EventDate "2019.09.07"]
[EventType "team-swiss"]
[EventRounds "9"]
[EventCountry "POL"]
[SourceTitle "EXT 2020"]
[Source "ChessBase"]
[SourceDate "2019.10.17"]
[SourceVersion "1"]
[SourceVersionDate "2019.10.17"]
[SourceQuality "1"]
[WhiteTeam "Konin Hetman"]
[BlackTeam "Chroscice Victoria"]
[WhiteTeamCountry "POL"]
[BlackTeamCountry "POL"]

1. d4 Nf6 2. c4 e6 3. Nf3 c5 4. d5 d6 5. Nc3 e5 6. e4 Be7 7. Be2 0-0 8. 0-0 Ne8 9. Ne1 f5 10. f4 fxe4 11. fxe5 Rxf1+ 12. Bxf1 dxe5 13. Nxe4 Nd6 14. Bd3 Nd7 15. Nf3 Nxe4 16. Bxe4 Nf6 17. Qd3 Bd6 18. Bg5 Qc7 19. Bxf6 gxf6 20. Rf1 Qg7 21. Nh4 Qh6 22. Nf5 Bxf5 23. Rxf5 Kf7 24. Qe2 Rg8 25. h4 Qxh4 26. Rh5 Qf4 27. Rxh7+ Kf8 28. Bf3 Be7 29. Bh5 Qc1+ 30. Qf1 Qxf1+ 31. Kxf1 Rg7 32. Rh8+ Rg8 33. Rh7 Rg7 1/2-1/2

[Event "POL-chT 2nd League"]
[Site "Jastrzebia Gora"]
[Date "2019.09.10"]
[Round "4.21"]
[White "Chrzaszcz, Malvina"]
[Black "Szajda, Marcin"]
[Result "1-0"]
[WhiteElo "2037"]
[BlackElo "1904"]
[PlyCount "63"]
[EventDate "2019.09.07"]
[EventType "team-swiss"]
[EventRounds "9"]
[EventCountry "POL"]
[SourceTitle "EXT 2020"]
[Source "ChessBase"]
[SourceDate "2019.10.17"]
[SourceVersion "1"]
[SourceVersionDate "2019.10.17"]
[SourceQuality "1"]
[WhiteTeam "Warszawa Mogalo"]
[BlackTeam "Chroscice Victoria"]
[WhiteTeamCountry "POL"]
[BlackTeamCountry "POL"]

1. e4 e5 2. Nf3 Nc6 3. Bc4 Nf6 4. d3 Bc5 5. 0-0 d6 6. c3 Ne7 7. Bg5 Ng6 8. d4 exd4 9. cxd4 Bb6 10. e5 dxe5 11. Qb3 0-0 12. dxe5 h6 13. Rd1 Qe8 14. exf6 hxg5 15. Nxg5 Bg4 16. Nd2 gxf6 17. Re1 Qd7 18. Nde4 Kg7 19. Nh7 Ne5 20. Nexf6 Qf5 21. Rxe5 Qxe5 22. Nxg4 Qd4 23. Nhf6 Rad8 24. Be2 Qc5 25. Qg3 Rh8 26. Ne4 Qe7 27. Ngf6+ Kf8 28. Bd3 c6 29. Re1 Bc7 30. f4 Qb4 31. Ng5 Rxd3 32. Ngh7+ 1-0

[Event "POL-chT 2nd League"]
[Site "Jastrzebia Gora"]
[Date "2019.09.08"]
[Round "2.16"]
[White "Krainski, Slawomir"]
[Black "Szajda, Marcin"]
[Result "1-0"]
[WhiteElo "2077"]
[BlackElo "1904"]
[PlyCount "105"]
[EventDate "2019.09.07"]
[EventType "team-swiss"]
[EventRounds "9"]
[EventCountry "POL"]
[SourceTitle "EXT 2020"]
[Source "ChessBase"]
[SourceDate "2019.10.17"]
[SourceVersion "1"]
[SourceVersionDate "2019.10.17"]
[SourceQuality "1"]
[WhiteTeam "Grudziadz Rotmistrz"]
[BlackTeam "Chroscice Victoria"]
[WhiteTeamCountry "POL"]
[BlackTeamCountry "POL"]

1. Nf3 Nf6 2. c4 e6 3. g3 b6 4. Bg2 Bb7 5. 0-0 Be7 6. b3 0-0 7. Nc3 d5 8. e3 c5 9. Bb2 Nc6 10. d3 a6 11. Qe2 Qc7 12. Rfd1 Rfd8 13. Rac1 Rac8 14. Ba1 d4 15. exd4 cxd4 16. Ne4 e5 17. Nxf6+ Bxf6 18. a3 Nb8 19. b4 Nd7 20. Rc2 b5 21. c5 a5 22. c6 Bxc6 23. Nxd4 exd4 24. Rxc6 Qa7 25. Qc2 Rb8 26. Rc7 Qa6 27. Rc1 axb4 28. axb4 Qa4 29. Qc6 Rb6 30. Qd5 Nf8 31. Qxf7+ Kh8 32. Bd5 Ng6 33. Rc8 Rb8 34. Rxb8 Rxb8 35. Qc7 Rf8 36. Qa5 Ne7 37. Be4 h6 38. Kg2 Rb8 39. Qc7 Rf8 40. Qa5 Bg5 41. Qxa4 bxa4 42. Rb1 Bf6 43. b5 Rb8 44. b6 Nc8 45. b7 Nd6 46. Bd5 a3 47. Rb6 Nf5 48. Be4 Ne7 49. f4 Ng8 50. Ra6 Be7 51. Bxd4 Nf6 52. Bc6 Bd6 53. Be5 1-0

[Event "Wroclaw op"]
[Site "Wroclaw"]
[Date "2019.08.08"]
[Round "6"]
[White "Szajda, Marcin"]
[Black "Pokusinski, Antoni"]
[Result "1/2-1/2"]
[WhiteElo "1955"]
[BlackElo "1671"]
[PlyCount "80"]
[EventDate "2019.08.05"]
[EventType "swiss"]
[EventRounds "9"]
[EventCountry "POL"]
[SourceTitle "CBM 191 Extra"]
[Source "ChessBase"]
[SourceDate "2019.09.30"]
[SourceVersion "1"]
[SourceVersionDate "2019.09.30"]
[SourceQuality "1"]

1. e4 c6 2. d4 d5 3. Nc3 dxe4 4. Nxe4 Nd7 5. Ng5 Ngf6 6. Bd3 e6 7. N1f3 Bd6 8. Qe2 Qe7 9. Bd2 h6 10. Ne4 Nxe4 11. Qxe4 Nf6 12. Qe2 b6 13. 0-0-0 Bb7 14. Kb1 0-0-0 15. Ne5 Bxe5 16. dxe5 Nd5 17. Ba6 Bxa6 18. Qxa6+ Qb7 19. Qxb7+ Kxb7 20. c4 Ne7 21. Bc3 Kc7 22. Kc2 c5 23. Rxd8 Rxd8 24. Rd1 Rxd1 25. Kxd1 Kc6 26. Ke2 b5 27. b3 bxc4 28. bxc4 Nc8 29. Kd3 Ne7 30. f4 h5 31. g3 Nf5 32. Be1 g6 33. h3 a6 34. g4 hxg4 35. hxg4 Nh6 36. g5 Nf5 37. Bf2 Kb6 38. Be1 Nd4 39. Bc3 Nc6 40. Kc2 Ne7 1/2-1/2

[Event "Wroclaw op"]
[Site "Wroclaw"]
[Date "2019.08.07"]
[Round "4"]
[White "Szajda, Marcin"]
[Black "Snihur, Piotr"]
[Result "1/2-1/2"]
[WhiteElo "1955"]
[BlackElo "2256"]
[PlyCount "82"]
[EventDate "2019.08.05"]
[EventType "swiss"]
[EventRounds "9"]
[EventCountry "POL"]
[SourceTitle "CBM 191 Extra"]
[Source "ChessBase"]
[SourceDate "2019.09.30"]
[SourceVersion "1"]
[SourceVersionDate "2019.09.30"]
[SourceQuality "1"]

1. e4 c6 2. d4 d5 3. Nc3 dxe4 4. Nxe4 Bf5 5. Ng3 Bg6 6. h4 h6 7. Nf3 Nd7 8. h5 Bh7 9. Bd3 Bxd3 10. Qxd3 e6 11. Bd2 Ngf6 12. 0-0-0 Be7 13. Kb1 0-0 14. Ne4 Nxe4 15. Qxe4 Nf6 16. Qe2 Qd5 17. Be3 a5 18. Ne5 a4 19. a3 b5 20. g4 Ne4 21. Rhe1 Nd6 22. c3 Nc4 23. Bc1 Rfd8 24. f4 Nxe5 25. dxe5 Qb3 26. g5 hxg5 27. fxg5 Bxa3 28. g6 Be7 29. gxf7+ Kxf7 30. h6 a3 31. Qh5+ Kg8 32. Qg6 Bf8 33. h7+ Kh8 34. Qf7 a2+ 35. Ka1 Ba3 36. Rxd8+ Rxd8 37. Rg1 Bxb2+ 38. Bxb2 Rd1+ 39. Rxd1 Qxd1+ 40. Kxa2 Qa4+ 41. Kb1 Qd1+ 1/2-1/2

[Event "Wroclaw op"]
[Site "Wroclaw"]
[Date "2019.08.06"]
[Round "3"]
[White "Kurtycz, Maciej"]
[Black "Szajda, Marcin"]
[Result "0-1"]
[WhiteElo "1689"]
[BlackElo "1955"]
[PlyCount "67"]
[EventDate "2019.08.05"]
[EventType "swiss"]
[EventRounds "9"]
[EventCountry "POL"]
[SourceTitle "CBM 191 Extra"]
[Source "ChessBase"]
[SourceDate "2019.09.30"]
[SourceVersion "1"]
[SourceVersionDate "2019.09.30"]
[SourceQuality "1"]

1. e4 e5 2. Nf3 Nc6 3. Bc4 Nf6 4. d3 Bc5 5. Be3 Bb6 6. 0-0 0-0 7. Nc3 d6 8. h3 Be6 9. Nd5 Bxd5 10. exd5 Ne7 11. Bg5 Ng6 12. g3 h6 13. Bxf6 Qxf6 14. Kg2 a6 15. a4 Qe7 16. a5 Ba7 17. b4 f5 18. c3 e4 19. Nd4 Bxd4 20. cxd4 e3 21. Ra2 f4 22. Qg4 f3+ 23. Kg1 e2 24. Re1 Rf6 25. b5 axb5 26. Bxb5 Nf8 27. Qe4 Qf7 28. Kh2 Nh7 29. Qh4 Ng5 30. Qg4 Rf5 31. a6 bxa6 32. Rxa6 Rb8 33. Bc6 Nxh3 34. Bd7 0-1

[Event "POL-chT 2nd League"]
[Site "Jastrzebia Gora"]
[Date "2018.09.05"]
[Round "5.83"]
[White "Nowakowski, Jacek"]
[Black "Szajda, Marcin"]
[Result "1-0"]
[WhiteElo "1652"]
[BlackElo "1995"]
[PlyCount "63"]
[EventDate "2018.09.01"]
[EventType "team-swiss"]
[EventRounds "9"]
[EventCountry "POL"]
[SourceTitle "CBM 186 Extra"]
[Source "ChessBase"]
[SourceDate "2018.08.24"]
[SourceVersion "1"]
[SourceVersionDate "2018.08.24"]
[SourceQuality "1"]
[WhiteTeam "Rzeszow RzKSz"]
[BlackTeam "Chroscice Victoria"]
[WhiteTeamCountry "POL"]
[BlackTeamCountry "POL"]

1. c4 c5 2. Nc3 Nc6 3. Nf3 Nf6 4. d3 g6 5. e4 Bg7 6. Be2 0-0 7. Be3 d6 8. h3 Nd7 9. Qd2 Nde5 10. Bh6 Nxf3+ 11. Bxf3 Nd4 12. h4 f5 13. Bxg7 Kxg7 14. h5 f4 15. hxg6 hxg6 16. 0-0-0 e5 17. Rdg1 Be6 18. Qd1 Qg5 19. Kb1 Rh8 20. Nb5 Rxh1 21. Rxh1 Nxb5 22. cxb5 a6 23. b6 Rh8 24. Rxh8 Kxh8 25. Qa4 Qd8 26. Qa5 Kg7 27. b3 Qd7 28. Kc2 Qb5 29. Qxb5 axb5 30. a4 b4 31. a5 Bc8 32. Bg4 1-0

[Event "POL-chT rapid"]
[Site "Zgierz"]
[Date "2018.03.03"]
[Round "8.15"]
[White "Kopczynski, Michal"]
[Black "Szajda, Marcin"]
[Result "1/2-1/2"]
[WhiteElo "2225"]
[BlackElo "1995"]
[PlyCount "71"]
[EventDate "2018.03.03"]
[EventType "team-swiss (rapid)"]
[EventRounds "9"]
[EventCountry "POL"]
[SourceTitle "CBM 183 Extra"]
[Source "ChessBase"]
[SourceDate "2018.04.19"]
[SourceVersion "1"]
[SourceVersionDate "2018.04.19"]
[SourceQuality "1"]
[WhiteTeam "Minsk Mazowiecki MTSz"]
[BlackTeam "Chroscice Victoria"]
[WhiteTeamCountry "POL"]
[BlackTeamCountry "POL"]

1. e4 e5 2. Nf3 Nc6 3. Bb5 a6 4. Ba4 b5 5. Bb3 Nf6 6. d3 Bc5 7. 0-0 d6 8. h3 h6 9. a4 Bd7 10. Nc3 Nd4 11. Nxd4 Bxd4 12. Ne2 Bb6 13. Kh1 0-0 14. f4 Ng4 15. Qe1 bxa4 16. Bc4 Ne3 17. Bxe3 Bxe3 18. Qg3 Bxf4 19. Nxf4 exf4 20. Rxf4 Rb8 21. Raf1 Qg5 22. Qxg5 hxg5 23. Rxf7 Rxf7 24. Rxf7 Bb5 25. Rxc7+ Bxc4 26. Rxc4 Rxb2 27. Rxa4 Rxc2 28. Rxa6 d5 29. exd5 Rc3 30. Rg6 Rxd3 31. Rxg5 Kf7 32. h4 Kf6 33. Kh2 g6 34. Kg1 Rd4 35. g3 Rd2 36. Kf1 1/2-1/2

[Event "POL-chT rapid"]
[Site "Zgierz"]
[Date "2018.03.03"]
[Round "6.31"]
[White "Kurkowski, Zbigniew"]
[Black "Szajda, Marcin"]
[Result "0-1"]
[WhiteElo "2009"]
[BlackElo "1995"]
[PlyCount "60"]
[EventDate "2018.03.03"]
[EventType "team-swiss (rapid)"]
[EventRounds "9"]
[EventCountry "POL"]
[SourceTitle "CBM 183 Extra"]
[Source "ChessBase"]
[SourceDate "2018.04.19"]
[SourceVersion "1"]
[SourceVersionDate "2018.04.19"]
[SourceQuality "1"]
[WhiteTeam "Gostynin Gostmat 83 II"]
[BlackTeam "Chroscice Victoria"]
[WhiteTeamCountry "POL"]
[BlackTeamCountry "POL"]

1. d4 d5 2. c4 e6 3. Nc3 Bb4 4. e3 Nf6 5. Nf3 0-0 6. cxd5 exd5 7. a3 Bxc3+ 8. bxc3 c5 9. Be2 Nc6 10. 0-0 Re8 11. dxc5 Qa5 12. Bb2 Qxc5 13. Qa4 Bd7 14. Rfd1 Rac8 15. Qb5 Na5 16. Qxc5 Rxc5 17. c4 Ba4 18. Re1 dxc4 19. Bd4 Rc6 20. Bxa7 Nb3 21. Rab1 b6 22. Nd4 Nxd4 23. exd4 c3 24. Bf3 Rxe1+ 25. Rxe1 Rd6 26. d5 Nxd5 27. Bxd5 Rxd5 28. Bxb6 c2 29. Be3 Rd1 30. Bd2 Rxe1+ 0-1

[Event "POL-chT 2nd League"]
[Site "Szklarska Poreba"]
[Date "2017.09.05"]
[Round "4.11"]
[White "Szajda, Marcin"]
[Black "Mucha, Marta"]
[Result "1-0"]
[WhiteElo "2016"]
[BlackElo "1377"]
[PlyCount "147"]
[EventDate "2017.09.02"]
[EventType "team-swiss"]
[EventRounds "9"]
[EventCountry "POL"]
[SourceTitle "CBM 180 Extra"]
[Source "ChessBase"]
[SourceDate "2017.10.06"]
[SourceVersion "1"]
[SourceVersionDate "2017.10.06"]
[SourceQuality "1"]
[WhiteTeam "Chroscice Victoria"]
[BlackTeam "Chrzanow Olimpijczyk"]
[WhiteTeamCountry "POL"]
[BlackTeamCountry "POL"]

1. e4 d5 2. exd5 Qxd5 3. Nc3 Qd6 4. d4 Nf6 5. Bc4 c6 6. Nge2 Bf5 7. Bf4 Qd8 8. 0-0 e6 9. Bd3 Bxd3 10. Qxd3 Be7 11. Ng3 Nbd7 12. Nge4 0-0 13. h3 Nxe4 14. Nxe4 Nf6 15. Rfe1 Qb6 16. Be5 Nxe4 17. Qxe4 Qd8 18. c3 Bd6 19. Qg4 Bxe5 20. Rxe5 Qf6 21. f4 g6 22. Rf1 Kh8 23. Qd1 Rad8 24. Qb3 Rd7 25. Qa3 Ra8 26. b4 b6 27. Qa6 Kg7 28. a4 Qd8 29. a5 Rb8 30. axb6 axb6 31. Ra1 Qc7 32. g3 Rb7 33. Qc4 Rd5 34. Ra8 Qd7 35. Qe2 Rc7 36. Ra6 b5 37. Kf2 Qc8 38. Ra1 Qb7 39. Qa2 Qc8 40. Qa8 Qd7 41. Qb8 Rb7 42. Qa8 Rc7 43. Qa5 Rb7 44. Re2 Qc8 45. Qa3 Qc7 46. Qc1 Qd7 47. Rea2 Qe7 48. Qe3 Qd7 49. Ra8 Qc7 50. Qe2 Rb8 51. R1a7 Rb7 52. Qa2 Rd7 53. Rxb7 Qxb7 54. Qa6 Qxa6 55. Rxa6 Rc7 56. Ke3 Kf6 57. Kd3 Ke7 58. g4 f5 59. g5 Kd6 60. Ra8 Rd7 61. h4 Kd5 62. Ra1 Kd6 63. h5 Kd5 64. hxg6 hxg6 65. Rh1 Kd6 66. Rh6 Rg7 67. Rh8 Kd7 68. c4 bxc4+ 69. Kxc4 Kc7 70. Kc5 Kd7 71. Ra8 Re7 72. Ra7+ Kd8 73. Rxe7 Kxe7 74. Kxc6 1-0

[Event "POL-chT 2nd League"]
[Site "Szklarska Poreba"]
[Date "2017.09.03"]
[Round "2.10"]
[White "Szajda, Marcin"]
[Black "Wojtaszewski, Piotr"]
[Result "1/2-1/2"]
[WhiteElo "2016"]
[BlackElo "2027"]
[PlyCount "122"]
[EventDate "2017.09.02"]
[EventType "team-swiss"]
[EventRounds "9"]
[EventCountry "POL"]
[SourceTitle "CBM 180 Extra"]
[Source "ChessBase"]
[SourceDate "2017.10.06"]
[SourceVersion "1"]
[SourceVersionDate "2017.10.06"]
[SourceQuality "1"]
[WhiteTeam "Chroscice Victoria"]
[BlackTeam "Chylice Laura"]
[WhiteTeamCountry "POL"]
[BlackTeamCountry "POL"]

1. e4 c5 2. Nf3 Nc6 3. d4 cxd4 4. Nxd4 e5 5. Nb5 d6 6. c4 a6 7. N5a3 Be7 8. Nc3 Be6 9. Nc2 Bg5 10. Be2 Bxc1 11. Rxc1 Qb6 12. b3 Rd8 13. 0-0 Nge7 14. Bg4 0-0 15. Nd5 Nxd5 16. cxd5 Bxg4 17. Qxg4 Ne7 18. Ne3 Rc8 19. Qd7 Rxc1 20. Rxc1 Ng6 21. Nf5 Qb4 22. Nxd6 Qd2 23. Rf1 Nf4 24. g3 Ne2+ 25. Kg2 Nc3 26. Qxb7 Qd3 27. Qb4 f5 28. Nxf5 Nxe4 29. Ne7+ Kf7 30. Re1 Nd2 31. Qg4 Qf3+ 32. Qxf3+ Nxf3 33. Kxf3 Kxe7+ 34. Ke3 Kd6 35. Rd1 Rb8 36. Rd2 a5 37. f4 exf4+ 38. Kxf4 Re8 39. h4 Re5 40. a3 Re1 41. Rd4 Re5 42. b4 axb4 43. axb4 Re1 44. h5 Re8 45. g4 Re1 46. Kg5 Re5+ 47. Kf4 Re1 48. Kf5 Re5+ 49. Kf4 Re1 50. Kg5 Re5+ 51. Kf4 Re1 52. Kf5 Re5+ 53. Kf4 Re1 54. Kg5 Re5+ 55. Kf4 Re1 56. Kf5 Re5+ 57. Kf4 Re1 58. Kg5 Re5+ 59. Kf4 Re1 60. Kf5 Re5+ 61. Kf4 Re1 1/2-1/2

[Event "POL-chT 1st League"]
[Site "Poronin"]
[Date "2016.09.11"]
[Round "9.5"]
[White "Schmidt, Wlodzimierz"]
[Black "Szajda, Marcin"]
[Result "1-0"]
[WhiteElo "2289"]
[BlackElo "2033"]
[PlyCount "73"]
[EventDate "2016.09.03"]
[EventType "team-tourn"]
[EventRounds "9"]
[EventCountry "POL"]
[SourceTitle "CBM 174 Extra"]
[Source "ChessBase"]
[SourceDate "2016.10.10"]
[SourceVersion "1"]
[SourceVersionDate "2016.10.10"]
[SourceQuality "1"]
[WhiteTeam "Gliwice Akademia Szachowa"]
[BlackTeam "Chroscice Victoria"]
[WhiteTeamCountry "POL"]
[BlackTeamCountry "POL"]

1. d4 Nf6 2. c4 g6 3. Nc3 Bg7 4. e4 d6 5. Nf3 0-0 6. Be2 e5 7. 0-0 Nbd7 8. Re1 c6 9. Bf1 h6 10. d5 c5 11. g3 Nh7 12. Nh4 Ng5 13. Be3 Nf6 14. f3 Nh5 15. Kh1 a6 16. a4 Bd7 17. Be2 Qe8 18. Ng2 Bh3 19. a5 Bxg2+ 20. Kxg2 Qd7 21. Bxg5 hxg5 22. Qd2 Bh6 23. b4 Kh7 24. bxc5 g4 25. Qb2 gxf3+ 26. Bxf3 f5 27. Bxh5 gxh5 28. exf5 dxc5 29. Rf1 h4 30. Qe2 Qe7 31. Ne4 Rg8 32. Qh5 Raf8 33. Rab1 Qf7 34. Qxh4 Qg7 35. Rb6 Rf7 36. Rg6 Qf8 37. Ng5+ 1-0

[Event "POL-chT 1st League"]
[Site "Poronin"]
[Date "2016.09.09"]
[Round "7.4"]
[White "Sapeta, Robert"]
[Black "Szajda, Marcin"]
[Result "0-1"]
[WhiteElo "2075"]
[BlackElo "2033"]
[PlyCount "100"]
[EventDate "2016.09.03"]
[EventType "team-tourn"]
[EventRounds "9"]
[EventCountry "POL"]
[SourceTitle "CBM 174 Extra"]
[Source "ChessBase"]
[SourceDate "2016.10.10"]
[SourceVersion "1"]
[SourceVersionDate "2016.10.10"]
[SourceQuality "1"]
[WhiteTeam "Pawlowice Gminy"]
[BlackTeam "Chroscice Victoria"]
[WhiteTeamCountry "POL"]
[BlackTeamCountry "POL"]

1. d4 Nf6 2. c4 g6 3. Nc3 Bg7 4. g3 0-0 5. Bg2 d6 6. Nf3 c6 7. 0-0 Qa5 8. Rb1 Qh5 9. Bg5 Bh3 10. Bxf6 Bxf6 11. Ne4 Bg7 12. Qb3 Bxg2 13. Kxg2 b6 14. Neg5 h6 15. Ne4 Qg4 16. Qd3 Nd7 17. h3 Qf5 18. g4 Qa5 19. b4 Qa6 20. Ng3 Qc8 21. e4 c5 22. a3 cxd4 23. Nd2 Qc6 24. f4 Rac8 25. Rbc1 e5 26. f5 a5 27. b5 Qc7 28. h4 Qd8 29. g5 hxg5 30. h5 gxh5 31. Nxh5 g4 32. f6 Bxf6 33. Qg3 Bh4 34. Qxg4+ Qg5 35. Kh3 Qxg4+ 36. Kxg4 Be7 37. Kf5 f6 38. Ke6 Nc5+ 39. Kd5 Kf7 40. Nf3 Nd3 41. Ng5+ Kg6 42. Nf3 Kxh5 43. Ke6 Nxc1 44. Kf5 Kh6 45. Rxc1 Rh8 46. Ke6 Rc7 47. Nh4 Kg5 48. Rg1+ Kxh4 49. Rh1+ Kg4 50. Rxh8 d3 0-1

[Event "POL-chT 1st League"]
[Site "Poronin"]
[Date "2016.09.07"]
[Round "5.3"]
[White "Praszak, Michal"]
[Black "Szajda, Marcin"]
[Result "1-0"]
[WhiteElo "2095"]
[BlackElo "2033"]
[PlyCount "165"]
[EventDate "2016.09.03"]
[EventType "team-tourn"]
[EventRounds "9"]
[EventCountry "POL"]
[SourceTitle "CBM 174 Extra"]
[Source "ChessBase"]
[SourceDate "2016.10.10"]
[SourceVersion "1"]
[SourceVersionDate "2016.10.10"]
[SourceQuality "1"]
[WhiteTeam "Lublin Drakon"]
[BlackTeam "Chroscice Victoria"]
[WhiteTeamCountry "POL"]
[BlackTeamCountry "POL"]

1. d4 Nf6 2. c4 g6 3. Nc3 Bg7 4. e4 d6 5. h3 0-0 6. Bg5 Qe8 7. Be2 e5 8. d5 Na6 9. Nf3 Nh5 10. g3 f5 11. exf5 gxf5 12. Nh4 Nf6 13. g4 f4 14. f3 e4 15. 0-0 Qe5 16. Bxf6 Bxf6 17. Ng2 Qd4+ 18. Kh2 Qxd1 19. Nxd1 Be5 20. Rc1 Bd7 21. Nc3 e3 22. b3 Nc5 23. Ne1 a5 24. Nd3 Nxd3 25. Bxd3 Bxc3 26. Rxc3 b6 27. Rc2 Be8 28. a4 Kg7 29. h4 Bg6 30. Rd1 Rae8 31. Re2 Re7 32. Kg1 Be8 33. Kf1 h6 34. Rg2 Bd7 35. Ke2 Rg8 36. Rdg1 Rf7 37. Bf5 Rh8 38. Bxd7 Rxd7 39. Rd1 Kg6 40. Rd4 Rf7 41. Re4 Rhf8 42. Rg1 Rg7 43. Rd1 Rf6 44. Rdd4 Rgf7 45. Re6 Kg7 46. Rde4 Rf8 47. Kf1 R6f7 48. Ke1 Rf6 49. Kd1 R6f7 50. Kc2 Rf6 51. Kc3 R6f7 52. Kd3 Rf6 53. Ke2 R6f7 54. Rd4 Rf6 55. Ree4 R6f7 56. Rd1 Rf6 57. Rg1 Kf7 58. g5 hxg5 59. hxg5 Rf5 60. g6+ Kg8 61. g7 Rc8 62. Rg4 Rf7 63. Rexf4 Rxf4 64. Rxf4 Kxg7 65. Kxe3 Kg6 66. Re4 Kf6 67. Rf4+ Ke7 68. Rh4 Kf6 69. Rh7 Kg6 70. Rd7 Kf6 71. Kd4 Kf5 72. Kc3 Kf4 73. Rf7+ Ke3 74. f4 Ke4 75. f5 Ke5 76. Kd3 c6 77. dxc6 Rxc6 78. Re7+ Kf6 79. Re8 Kf7 80. Re6 Rc5 81. Rxd6 Rxf5 82. Rxb6 Ke7 83. Rb5 1-0

[Event "POL-chT 1st League"]
[Site "Poronin"]
[Date "2016.09.06"]
[Round "4.4"]
[White "Szajda, Marcin"]
[Black "Wlodarczyk, Oskar"]
[Result "0-1"]
[WhiteElo "2033"]
[BlackElo "2275"]
[PlyCount "66"]
[EventDate "2016.09.03"]
[EventType "team-tourn"]
[EventRounds "9"]
[EventCountry "POL"]
[SourceTitle "CBM 174 Extra"]
[Source "ChessBase"]
[SourceDate "2016.10.10"]
[SourceVersion "1"]
[SourceVersionDate "2016.10.10"]
[SourceQuality "1"]
[WhiteTeam "Chroscice Victoria"]
[BlackTeam "Ostrow Wielkopolski"]
[WhiteTeamCountry "POL"]
[BlackTeamCountry "POL"]

1. e4 e5 2. Nf3 Nf6 3. d4 exd4 4. e5 Ne4 5. Qxd4 d5 6. exd6 Nxd6 7. Bd3 Nc6 8. Qf4 Be7 9. 0-0 Be6 10. Nc3 Qd7 11. Be3 0-0 12. Rad1 Bf5 13. Ne4 Bg6 14. Nxd6 Bxd6 15. Bxg6 fxg6 16. Qh4 Rxf3 17. gxf3 Ne5 18. Kg2 Rf8 19. f4 g5 20. Qxg5 Rf5 21. Qg3 Qc6+ 22. f3 Ng6 23. Rf2 Qe8 24. Qg4 Qxe3 25. Rd3 Qxf4 26. Rd4 Qxh2+ 27. Kf1 Qh1+ 28. Ke2 Re5+ 29. Kd3 Qd1+ 30. Kc4 Qe1 31. Rfd2 Qf1+ 32. R2d3 Re8 33. Qd7 Ne5+ 0-1